00408nam a2200157Ia 4500008004100000020001800041082000800059100001700067245004200084250000600126260004800132300001600180500002500196650001200221700001700233230524s9999 xx 000 0 und d a9781316635650 bKHA aMd. N. Khan  0aPrinciples of Engineering Physics - 2 a1 aNew DelhibCambridge University Pressc2016 a"XIX,485p;" aQuantity Number: 21 aPhysics a S.Panigrahi